[Event "26th EUR-ch"]
[Site "Katowice POL"]
[Date "2026.04.09"]
[Round "3.95"]
[White "Acs, Peter"]
[Black "Goderdzishvili, Giga"]
[Result "1-0"]
[WhiteElo "2573"]
[BlackElo "2261"]
[EventDate "2026.04.07"]
[PlyCount "127"]

1.e4 c6 2.d4 d5 3.e5 c5 4.Nf3 cxd4 5.Nxd4 Nc6 6.Nxc6 bxc6 7.Bd3 Qc7 8.Qe2 
e6 9.Nd2 Ne7 10.O-O Nf5 11.Nf3 Bc5 12.c3 a5 13.Re1 Qb6 14.b3 Ba6 15.c4 Nd4
16.Nxd4 Bxd4 17.Rb1 O-O 18.Bg5 h6 19.Be7 Rfe8 20.Bh4 Kf8 21.Rbc1 c5 22.Bb1
Qc7 23.Qd3 f5 24.exf6 gxf6 25.Qh3 dxc4 26.Bg3 e5 27.bxc4 Qg7 28.Bh4 Bc8 
29.Bf5 Rb8 30.Re4 Qf7 31.Bxc8 Rbxc8 32.Qf5 Qe6 33.Qg6 f5 34.Bf6 Qg8 35.
Qxf5 Qe6 36.Qg6 Qg8 37.Qxh6+ Kf7 38.Bh4 Qg6 39.Qxg6+ Kxg6 40.g4 Rb8 41.Rc2
a4 42.Kg2 a3 43.Rce2 Rb4 44.f4 Rxc4 45.f5+ Kg7 46.Bg3 Kf6 47.h4 Rb4 48.h5 
Kg5 49.Kh3 Rb1 50.Bh4+ Kh6 51.Bf6 Rg8 52.Re1 Rb4 53.Rf1 Bc3 54.Rxb4 cxb4 
55.Kh4 Rf8 56.Be7 Rc8 57.f6 b3 58.g5+ Kh7 59.g6+ Kh8 60.f7 e4 61.f8=Q+ 
Rxf8 62.Rxf8+ Kg7 63.Rf7+ Kg8 64.h6 1-0

[Event "26th EUR-ch"]
[Site "Katowice POL"]
[Date "2026.04.09"]
[Round "3.96"]
[White "Costa, Leonardo"]
[Black "Romanyshyn, Oleh"]
[Result "1/2-1/2"]
[WhiteElo "2556"]
[BlackElo "2255"]
[EventDate "2026.04.07"]
[PlyCount "137"]

1.e4 e5 2.Nf3 Nc6 3.Bc4 Nf6 4.d3 Be7 5.O-O d6 6.a4 Be6 7.Bxe6 fxe6 8.c3 
O-O 9.b4 Qe8 10.Nbd2 Nh5 11.g3 Qg6 12.b5 Nb8 13.d4 Nd7 14.Ba3 Bf6 15.Kh1 
Rf7 16.Qe2 Raf8 17.Rae1 Qg4 18.Ng1 Qg6 19.Ngf3 Qg4 20.a5 b6 21.a6 Be7 22.
Ng1 Qg6 23.Ndf3 Qg4 24.Nd2 Qg6 25.Nc4 Qh6 26.Kg2 Qg6 27.Kh1 Qh6 28.Bc1 Bg5
29.Bxg5 Qxg5 30.dxe5 dxe5 31.Rd1 g6 32.Qe3 Qxe3 33.Nxe3 Nhf6 34.f3 Nc5 35.
Kg2 Rd7 36.Nc4 Rxd1 37.Rxd1 Nfd7 38.Nh3 Kg7 39.Nf2 h5 40.Nd3 Nxd3 41.Rxd3 
Nc5 42.Rd2 Kf6 43.h4 c6 44.bxc6 Rc8 45.Nxb6 Rxc6 46.Nd7+ Nxd7 47.Rxd7 Rxa6
48.g4 hxg4 49.fxg4 g5 50.h5 Rc6 51.Rd3 a5 52.Rh3 Kg7 53.Kf2 Rc4 54.Re3 Ra4
55.Ke2 Ra1 56.Rd3 Rg1 57.Rd7+ Kh6 58.Kf3 Rc1 59.Rd6 Rxc3+ 60.Kf2 Rc2+ 61.
Ke3 Rc3+ 62.Ke2 Rg3 63.Rxe6+ Kh7 64.Re7+ Kh6 65.Re6+ Kh7 66.Rxe5 Rxg4 67.
Kf3 Rf4+ 68.Ke3 Kh6 69.Rxa5 1/2-1/2

[Event "26th EUR-ch"]
[Site "Katowice POL"]
[Date "2026.04.09"]
[Round "3.97"]
[White "Celik, Ali Alper"]
[Black "Vykouk, Jan"]
[Result "0-1"]
[WhiteElo "2256"]
[BlackElo "2553"]
[EventDate "2026.04.07"]
[PlyCount "82"]

1.e4 c5 2.Nc3 a6 3.g3 d6 4.Bg2 Nc6 5.Nge2 e6 6.O-O Be7 7.d3 Nf6 8.h3 O-O 
9.g4 d5 10.f4 d4 11.Nb1 e5 12.f5 Ne8 13.Nd2 Bg5 14.Nf3 Bxc1 15.Qxc1 f6 16.
Ng3 Nd6 17.h4 Bd7 18.g5 Qe7 19.Nh2 Be8 20.Ng4 Rc8 21.h5 Nf7 22.g6 Ng5 23.
h6 hxg6 24.fxg6 Bxg6 25.hxg7 Kxg7 26.Rf5 Kh8 27.Kf2 Rf7 28.Qd2 Rcf8 29.Ke2
Rh7 30.Rff1 Nd8 31.Rh1 Nde6 32.Rxh7+ Nxh7 33.Qh6 Nf4+ 34.Kf2 Qg7 35.Qh2 f5
36.exf5 Bxf5 37.Nxf5 Qxg4 38.Be4 Rxf5 39.Bxf5 Qxf5 40.Rh1 Nxd3+ 41.Ke2 
Qe4+ 0-1

[Event "26th EUR-ch"]
[Site "Katowice POL"]
[Date "2026.04.09"]
[Round "3.98"]
[White "Laurent-Paoli, Pierre"]
[Black "Saraci, Korab"]
[Result "1-0"]
[WhiteElo "2542"]
[BlackElo "2251"]
[EventDate "2026.04.07"]
[PlyCount "135"]

1.d4 Nf6 2.c4 e6 3.Nf3 d5 4.g3 dxc4 5.Bg2 c5 6.O-O Nc6 7.dxc5 Qxd1 8.Rxd1 
Bxc5 9.Nbd2 Ng4 10.Ne4 Be7 11.h3 Nf6 12.Nxf6+ Bxf6 13.Nd2 Nd4 14.Kf1 e5 
15.Nxc4 Be6 16.b3 O-O 17.Bb2 Bxc4 18.bxc4 Rac8 19.Rac1 Rc7 20.e3 Nc6 21.h4
Nb4 22.g4 g6 23.g5 Bg7 24.a3 Na6 25.Rd5 Nc5 26.Bc3 Rfc8 27.Rb1 e4 28.Bb4 
b6 29.Rbd1 Nd3 30.Bxe4 Nxb4 31.axb4 Rxc4 32.Rd8+ Rxd8 33.Rxd8+ Bf8 34.Bd5 
Rc7 35.b5 Kg7 36.f4 Be7 37.Ra8 h6 38.Ke2 hxg5 39.hxg5 Ba3 40.e4 Bc1 41.Kf3
f5 42.gxf6+ Kxf6 43.Rg8 Rc5 44.e5+ Ke7 45.Rg7+ Kf8 46.Rd7 Rxb5 47.e6 Rc5 
48.Be4 Rc3+ 49.Kg4 Re3 50.Rf7+ Ke8 51.Bc6+ Kd8 52.Rd7+ Kc8 53.e7 Ba3 54.
Rd3 Rxe7 55.Rxa3 a5 56.Kg5 Kc7 57.Rc3 Kd6 58.Bb5 Re4 59.Rc6+ Kd5 60.Rxb6 
Kc5 61.Rb7 a4 62.Bd3 Re6 63.Ra7 Kb4 64.Bxg6 a3 65.f5 Re1 66.Bf7 Rg1+ 67.
Kf6 Re1 68.Be6 1-0

[Event "26th EUR-ch"]
[Site "Katowice POL"]
[Date "2026.04.09"]
[Round "3.99"]
[White "Piorun, Kacper"]
[Black "Przybylski, Bartosz"]
[Result "1-0"]
[WhiteElo "2536"]
[BlackElo "2249"]
[EventDate "2026.04.07"]
[PlyCount "57"]

1.Nf3 d6 2.c4 e5 3.Nc3 f5 4.d4 e4 5.Ng1 Nf6 6.Bf4 Be7 7.e3 O-O 8.Bg3 c6 9.
h4 d5 10.Nh3 Be6 11.Qb3 Qb6 12.Ng5 Qxb3 13.axb3 Bd7 14.c5 Bd8 15.b4 h6 16.
Nh3 Re8 17.b5 b6 18.Nf4 Bc7 19.Nh5 Bd8 20.Nxf6+ gxf6 21.Bxb8 Rxb8 22.Rxa7 
Re7 23.b4 bxc5 24.bxc5 Be6 25.Rxe7 Bxe7 26.b6 Kf7 27.Ba6 Ra8 28.Kd2 Bd8 
29.Bb7 1-0

[Event "26th EUR-ch"]
[Site "Katowice POL"]
[Date "2026.04.09"]
[Round "3.100"]
[White "Podolskyi, Mykhailo"]
[Black "Kempinski, Robert"]
[Result "0-1"]
[WhiteElo "2255"]
[BlackElo "2527"]
[EventDate "2026.04.07"]
[PlyCount "110"]

1.d4 Nf6 2.c4 e6 3.Nf3 d5 4.Nc3 Bb4 5.Qa4+ Nc6 6.cxd5 exd5 7.Bg5 h6 8.Bxf6
Qxf6 9.e3 O-O 10.Bb5 Bg4 11.Nd2 Bxc3 12.bxc3 Qg6 13.Nf3 Bxf3 14.gxf3 Nd8 
15.Ke2 c6 16.Bd3 Qh5 17.Qd1 Ne6 18.Kd2 Qh4 19.Qg1 c5 20.Qg2 Rac8 21.Qg3 
Qd8 22.f4 cxd4 23.cxd4 Re8 24.Rhg1 Qa5+ 25.Ke2 Qc3 26.Rad1 Nxd4+ 27.Kf1 
Ne6 28.Qh4 Kf8 29.Qh5 Rc5 30.f5 Ng5 31.Qg4 Qf6 32.Qb4 b6 33.Rg4 Nf3 34.Rf4
Ne5 35.Bb5 a5 36.Qb3 Rd8 37.h4 Rd6 38.a4 Kg8 39.Qa2 Qd8 40.Qa1 Nd7 41.Kg2 
Nf6 42.Qd4 Qe7 43.Kh3 Rd8 44.Rg1 Kf8 45.Bd3 Rdc8 46.Rf3 Rc3 47.Rfg3 Qc5 
48.Qe5 Re8 49.Qf4 Nh5 50.Qg4 Nxg3 51.Rxg3 Rxd3 52.Qxg7+ Ke7 53.Rg6 Kd7 54.
Rxh6 Rdxe3+ 55.fxe3 Qxe3+ 0-1

[Event "26th EUR-ch"]
[Site "Katowice POL"]
[Date "2026.04.09"]
[Round "3.101"]
[White "Lopez Martinez, Josep Manuel"]
[Black "Maltezeanu, Stefan"]
[Result "1-0"]
[WhiteElo "2510"]
[BlackElo "2245"]
[EventDate "2026.04.07"]
[PlyCount "81"]

1.e4 c5 2.Nf3 d6 3.d4 cxd4 4.Nxd4 Nf6 5.Nc3 Nc6 6.Bg5 e6 7.Qd2 a6 8.O-O-O 
Bd7 9.f3 Nxd4 10.Qxd4 Be7 11.Qd2 Qc7 12.Kb1 b5 13.Ne2 b4 14.g4 a5 15.Be3 
O-O 16.g5 Nh5 17.Ng3 g6 18.Nxh5 gxh5 19.Rg1 Rfc8 20.Bd3 a4 21.Qxb4 Rab8 
22.Qe1 Bb5 23.Rg2 Bf8 24.Bd4 e5 25.Be3 Bd7 26.c4 Be6 27.Rc2 Qb7 28.Qe2 Rc6
29.Rdc1 Be7 30.f4 exf4 31.Bxf4 Bg4 32.Qf2 Rd8 33.Be3 a3 34.b3 Rc5 35.h4 
Re5 36.Bd4 Bf8 37.c5 Be6 38.c6 Qc8 39.c7 Re8 40.Bxe5 dxe5 41.Bc4 1-0

[Event "26th EUR-ch"]
[Site "Katowice POL"]
[Date "2026.04.09"]
[Round "3.102"]
[White "Perets, Dmytro"]
[Black "Lashkin, Jegor"]
[Result "1/2-1/2"]
[WhiteElo "2253"]
[BlackElo "2493"]
[EventDate "2026.04.07"]
[PlyCount "70"]

1.d4 Nf6 2.Nf3 d5 3.c4 e6 4.Nc3 Nbd7 5.e3 a6 6.b3 b6 7.Be2 Bb7 8.O-O Bd6 
9.Bb2 O-O 10.a3 c5 11.Rc1 Qe7 12.dxc5 bxc5 13.Qc2 Rfd8 14.Rfd1 Rab8 15.Nb1
Rbc8 16.Nbd2 Bb8 17.Qb1 Nf8 18.Qa1 Ne8 19.Nf1 Ng6 20.Ng3 dxc4 21.Rxd8 Rxd8
22.Rxc4 Bd5 23.Rc1 a5 24.Bc3 Bc7 25.Nd2 Rb8 26.Rb1 Nh4 27.e4 Bc6 28.Nc4 a4
29.bxa4 Rxb1+ 30.Qxb1 Bxa4 31.Qb2 Ng6 32.Qd2 Nf4 33.Bd1 Bb5 34.Bb3 Qd8 35.
a4 Ba6 1/2-1/2

[Event "26th EUR-ch"]
[Site "Katowice POL"]
[Date "2026.04.09"]
[Round "3.103"]
[White "Brzezina, Pawel"]
[Black "Ioannidis, Evgenios"]
[Result "1/2-1/2"]
[WhiteElo "2247"]
[BlackElo "2487"]
[EventDate "2026.04.07"]
[PlyCount "172"]

1.d4 d5 2.c4 e6 3.Nf3 c6 4.e3 Nd7 5.Nbd2 f5 6.Be2 Bd6 7.b3 Ngf6 8.Bb2 Ne4 
9.O-O Qc7 10.Rc1 O-O 11.g3 b6 12.cxd5 exd5 13.Ne5 Bb7 14.f4 Nxe5 15.fxe5 
Be7 16.Nxe4 fxe4 17.Bg4 Rxf1+ 18.Qxf1 Rf8 19.Be6+ Kh8 20.Qe2 Qd8 21.Rf1 
Bc8 22.Rxf8+ Qxf8 23.Qg4 Ba6 24.Qf5 Qxf5 25.Bxf5 Kg8 26.a3 Kf7 27.b4 Bb5 
28.Bc3 h6 29.Kf2 Ke8 30.Ke1 Kd8 31.Kd2 Ba6 32.Bg6 Bf8 33.Kc2 Bc8 34.Bh5 
Bh3 35.Be1 Kd7 36.Bd2 Be7 37.Kb3 Bf5 38.Be2 g6 39.g4 Be6 40.Be1 c5 41.h3 
Kc6 42.a4 c4+ 43.Kb2 a6 44.Kc3 Kd7 45.Bg3 Ke8 46.Bd1 Kf7 47.h4 Kg7 48.a5 
bxa5 49.bxa5 Bd7 50.Bc2 Kf7 51.Bd1 Ke6 52.Bf2 Be8 53.Be1 Kf7 54.Bf2 Kg7 
55.Bg3 Ba3 56.Be1 Kh7 57.Bg3 Kg7 58.Be1 h5 59.g5 Bd7 60.Bg3 Kf7 61.Be1 Ke6
62.Bg3 Kf5 63.Be1 Bf8 64.Bf2 Be7 65.Be1 Bb5 66.Bd2 Bd8 67.Kb4 Be7+ 68.Kc3 
Ke6 69.Be1 Kd7 70.Bd2 Kc7 71.Be1 Bd8 72.Kb4 Kc6 73.Bd2 Be7+ 74.Kc3 Kc7 75.
Be1 Bd7 76.Bd2 Bb5 77.Be1 Kc6 78.Bd2 Kd7 79.Be1 Ke6 80.Bd2 Kf5 81.Be1 Bd7 
82.Bd2 Bd8 83.Kb4 Bb5 84.Be1 Be7+ 85.Kc3 Bf8 86.Bd2 Be7 1/2-1/2

[Event "26th EUR-ch"]
[Site "Katowice POL"]
[Date "2026.04.09"]
[Round "3.104"]
[White "Ahmad, Khagan"]
[Black "Prisacaru, Stefan-Emilian"]
[Result "1-0"]
[WhiteElo "2483"]
[BlackElo "2243"]
[EventDate "2026.04.07"]
[PlyCount "151"]

1.e4 c5 2.Nf3 Nc6 3.d4 cxd4 4.Nxd4 Nf6 5.Nc3 d6 6.Bc4 e5 7.Nf3 Be6 8.Bb3 
h6 9.Be3 Be7 10.Nh4 O-O 11.Nf5 Bxf5 12.exf5 Qd7 13.Qf3 Nd4 14.Bxd4 exd4 
15.Ne2 d5 16.O-O Bc5 17.Rfd1 Rfe8 18.Nxd4 Re5 19.c3 Rae8 20.h3 Bxd4 21.
Rxd4 Rxf5 22.Ba4 Qe6 23.Qg3 Rf8 24.f3 Re5 25.Rb1 Rg5 26.Qf4 Qe2 27.g4 Nh5 
28.Qh2 Qxf3 29.Re1 Qg3+ 30.Qxg3 Nxg3 31.Bb3 Ne4 32.Rxd5 Rxd5 33.Bxd5 Nf6 
34.Bf3 Rd8 35.Re7 b6 36.Rxa7 Rd2 37.b4 Rd3 38.Kf2 Rxc3 39.a4 Rc2+ 40.Ke3 
Rc3+ 41.Ke2 Rb3 42.b5 Rb2+ 43.Ke1 Rb3 44.Bg2 Rb1+ 45.Kf2 Rb2+ 46.Kg3 h5 
47.Bf3 hxg4 48.hxg4 Rb4 49.g5 Ne4+ 50.Bxe4 Rxe4 51.Kf3 Rh4 52.Ke3 Kh7 53.
Ra6 Rg4 54.Kd3 Rf4 55.Kc3 Re4 56.Kb3 Re6 57.a5 Re3+ 58.Kc4 bxa5 59.b6 Re8 
60.Kc5 Re5+ 61.Kc6 Re6+ 62.Kc7 Re7+ 63.Kb8 Re8+ 64.Ka7 Kg6 65.Rxa5 f5 66.
gxf6 gxf6 67.b7 f5 68.b8=Q Rxb8 69.Kxb8 Kg5 70.Kc7 Kg4 71.Kd6 f4 72.Ke5 f3
73.Ke4 f2 74.Rf5 Kg3 75.Ke3 f1=N+ 76.Rxf1 1-0

[Event "26th EUR-ch"]
[Site "Katowice POL"]
[Date "2026.04.09"]
[Round "3.105"]
[White "Akbas, Umut Ata"]
[Black "Krasniewski, Maciej"]
[Result "1-0"]
[WhiteElo "2470"]
[BlackElo "2227"]
[EventDate "2026.04.07"]
[PlyCount "145"]

1.c4 b6 2.Nc3 Bb7 3.d4 Nf6 4.Qc2 d5 5.cxd5 Nxd5 6.e4 Nxc3 7.bxc3 e5 8.Nf3 
exd4 9.Bc4 Be7 10.cxd4 Bb4+ 11.Kf1 O-O 12.Kg1 Nd7 13.Ng5 Be7 14.h4 Bxg5 
15.hxg5 Re8 16.Qb3 Bxe4 17.Bxf7+ Kh8 18.Bf4 Re7 19.g6 Nf8 20.Bg5 Bxg6 21.
Bxg6 Nxg6 22.Qh3 Qg8 23.Bxe7 Nxe7 24.Re1 Nd5 25.Qe6 Rd8 26.Rh4 Qxe6 27.
Rxe6 Kg8 28.a3 Kf7 29.Rc6 h6 30.Kf1 Rd7 31.Ke2 a6 32.Kd3 Ke7 33.g3 Nf6 34.
Kc4 Ne8 35.a4 Nd6+ 36.Kd3 a5 37.Rh5 Kd8 38.g4 Rf7 39.Ke3 Kd7 40.Rc2 Ne8 
41.Rd5+ Ke6 42.Re5+ Kd7 43.f3 g5 44.Rh2 Rf6 45.Kf2 Nd6 46.Kg3 Nc4 47.Re1 
Nd6 48.Rhe2 Rf4 49.Re7+ Kd8 50.Rh7 Rxd4 51.Rxh6 Rxa4 52.Rg6 b5 53.Rxg5 b4 
54.Rge5 b3 55.g5 Rb4 56.g6 Kd7 57.g7 Rb8 58.Rxa5 Rg8 59.Rg5 c5 60.Rxc5 
Rxg7+ 61.Kf2 Rh7 62.Rb1 b2 63.Kg2 Rg7+ 64.Kf1 Rf7 65.Rc3 Ke6 66.Rxb2 Ke5 
67.Rb4 Nf5 68.Rc5+ Kd6 69.Ra5 Ne3+ 70.Kf2 Nd5 71.Rd4 Rf5 72.Kg3 Ke6 73.
Raxd5 1-0

[Event "26th EUR-ch"]
[Site "Katowice POL"]
[Date "2026.04.09"]
[Round "3.106"]
[White "Culum, Sanjin"]
[Black "Mierins, Emils Janis"]
[Result "0-1"]
[WhiteElo "2460"]
[BlackElo "2223"]
[EventDate "2026.04.07"]
[PlyCount "70"]

1.e4 c5 2.Nf3 g6 3.c3 d5 4.e5 Nc6 5.Bb5 Bg7 6.d4 cxd4 7.cxd4 Nh6 8.O-O O-O
9.Bxc6 bxc6 10.Nbd2 f6 11.exf6 exf6 12.Nb3 Qc7 13.Bd2 Re8 14.Rc1 Nf5 15.
Qc2 Bd7 16.Nc5 Rac8 17.Qa4 g5 18.Ne1 Bf8 19.Ned3 Nh4 20.Qb3 Bd6 21.Nb4 Bg4
22.h3 Be2 23.Rfe1 Bf4 24.Bxf4 Qxf4 25.Nxc6 Qf5 26.Qb7 Nxg2 27.Qd7 Qxd7 28.
Nxd7 Nxe1 29.Nxf6+ Kf7 30.Nxe8 Nf3+ 31.Kg2 Kxe8 32.Rc3 Kd7 33.Nxa7 Rxc3 
34.bxc3 Nd2 35.a4 Ne4 0-1

[Event "26th EUR-ch"]
[Site "Katowice POL"]
[Date "2026.04.09"]
[Round "3.107"]
[White "Aizenberg, Benny"]
[Black "Gov, Guy"]
[Result "1-0"]
[WhiteElo "2451"]
[BlackElo "2222"]
[EventDate "2026.04.07"]
[PlyCount "65"]

1.e4 e5 2.Nf3 Nc6 3.Bb5 a6 4.Ba4 Nf6 5.O-O Nxe4 6.d4 b5 7.Bb3 d5 8.dxe5 
Be6 9.Be3 Bc5 10.Qd3 O-O 11.Rd1 Bxe3 12.Qxe3 Na5 13.Ne1 Nb7 14.Nd3 c5 15.
f3 c4 16.fxe4 dxe4 17.Nf2 Qc7 18.Qxe4 Rae8 19.Nc3 Bc8 20.Re1 Nc5 21.Qd4 
cxb3 22.axb3 Bb7 23.Qd6 Qc8 24.Nd5 Qe6 25.Nc7 Qxd6 26.exd6 Rd8 27.Rad1 Rd7
28.Re5 Ne6 29.Nxe6 fxe6 30.Rxe6 Rfd8 31.c4 Kf7 32.Rde1 Rxd6 33.Re7+ 1-0

[Event "26th EUR-ch"]
[Site "Katowice POL"]
[Date "2026.04.09"]
[Round "3.108"]
[White "Ringuet, Noe"]
[Black "Kolosowski, Mateusz"]
[Result "1/2-1/2"]
[WhiteElo "2220"]
[BlackElo "2444"]
[EventDate "2026.04.07"]
[PlyCount "88"]

1.d4 Nf6 2.Bf4 g6 3.e3 Bg7 4.h3 O-O 5.Nf3 d6 6.c3 b6 7.a4 a6 8.Be2 Bb7 9.
O-O Nbd7 10.Bh2 Re8 11.Nbd2 e5 12.Qb3 Qe7 13.Rac1 Rab8 14.Qa2 e4 15.Ne1 
Nd5 16.Nc2 Qg5 17.c4 Ne7 18.b4 Nf5 19.Bf4 Qh4 20.Bg4 Qf6 21.a5 h5 22.Bxf5 
Qxf5 23.axb6 Nxb6 24.Bh2 h4 25.c5 Nd5 26.cxd6 cxd6 27.Nc4 Nc3 28.Qa3 Ne2+ 
29.Kh1 Nxc1 30.Nxd6 Qf6 31.Nxe8 Rxe8 32.Qxc1 Rc8 33.Qb2 Qc6 34.Na1 Qc4 35.
Rb1 Qd3 36.Bd6 Rc3 37.Rc1 Rxc1+ 38.Qxc1 Bd5 39.Kh2 Bc4 40.Qc2 Bf6 41.Qa4 
Bb5 42.Qc2 Bc4 43.Qa4 Qf1 44.Qc6 Bb5 1/2-1/2

[Event "26th EUR-ch"]
[Site "Katowice POL"]
[Date "2026.04.09"]
[Round "3.109"]
[White "Pycinski, Wladyslaw"]
[Black "Manafov, Vugar"]
[Result "0-1"]
[WhiteElo "2218"]
[BlackElo "2432"]
[EventDate "2026.04.07"]
[PlyCount "120"]

1.e4 c5 2.Nf3 e6 3.c3 Nf6 4.e5 Nd5 5.Bc4 d6 6.d4 cxd4 7.cxd4 Be7 8.O-O O-O
9.Qe2 Bd7 10.Nc3 Nxc3 11.bxc3 Bc6 12.exd6 Bxd6 13.Ne5 Bxe5 14.Qxe5 Bd5 15.
Bd3 Nc6 16.Qh5 f5 17.Ba3 Rf6 18.Qe2 Rc8 19.Rac1 Qc7 20.f3 Na5 21.Rc2 Bc4 
22.Bc1 Bxd3 23.Qxd3 Qc4 24.Rd1 Qxd3 25.Rxd3 Nc4 26.Re2 h6 27.Bf4 Nb6 28.
Be5 Rff8 29.Bd6 Rfe8 30.Bc5 Nd5 31.Rb2 b6 32.Bb4 Rc4 33.Rb3 Rec8 34.Kf2 a5
35.Bd6 Rxc3 36.Rdxc3 Rxc3 37.Rb2 Kf7 38.Ke2 Ke8 39.Kd2 Rc6 40.Be5 g6 41.
Rb1 Rc4 42.a3 Kd7 43.h4 Ra4 44.Rb3 Kc6 45.g4 h5 46.gxh5 gxh5 47.f4 b5 48.
Rg3 b4 49.axb4 Ra2+ 50.Kc1 axb4 51.Rg8 Kb5 52.Rc8 Ka4 53.Rc6 Kb3 54.Kd1 
Ra5 55.Rxe6 Ka2 56.Rc6 b3 57.Rc5 Rxc5 58.dxc5 b2 59.Bxb2 Kxb2 60.Kd2 Nb4 
0-1

[Event "26th EUR-ch"]
[Site "Katowice POL"]
[Date "2026.04.09"]
[Round "3.110"]
[White "Tulchynskyi, Feliks"]
[Black "Korszanski, Stanislaw"]
[Result "0-1"]
[WhiteElo "2432"]
[BlackElo "2215"]
[EventDate "2026.04.07"]
[PlyCount "66"]

1.d4 e6 2.c4 b6 3.a3 Bb7 4.Nc3 Nf6 5.Nf3 Ne4 6.Nxe4 Bxe4 7.Nd2 Bb7 8.e4 g6
9.Bd3 Bg7 10.Nf3 O-O 11.h4 c5 12.d5 exd5 13.exd5 Re8+ 14.Kf1 b5 15.cxb5 
Qb6 16.Bc4 a6 17.bxa6 Bxa6 18.Nd2 Bd4 19.Qf3 Re5 20.d6 Bxc4+ 21.Nxc4 Qa6 
22.Qd3 Rf5 23.f3 Nc6 24.g4 Ne5 25.Nxe5 Rxf3+ 26.Ke2 Rxd3 27.Nxd3 Re8+ 28.
Kd2 Be3+ 29.Kc3 Bd4+ 30.Kd2 Re3 31.Nf4 Qc4 32.Re1 Qb3 33.g5 c4 0-1

[Event "26th EUR-ch"]
[Site "Katowice POL"]
[Date "2026.04.09"]
[Round "3.111"]
[White "Akhvlediani, Irakli"]
[Black "Rudzinska, Michalina"]
[Result "1/2-1/2"]
[WhiteElo "2429"]
[BlackElo "2204"]
[EventDate "2026.04.07"]
[PlyCount "135"]

1.Nf3 d5 2.g3 e6 3.Bg2 Nf6 4.O-O Be7 5.c4 O-O 6.d4 a5 7.Qc2 a4 8.a3 Nc6 9.
Nbd2 Bd7 10.Rd1 h6 11.Rb1 Be8 12.e4 dxe4 13.Nxe4 Nxe4 14.Qxe4 Bf6 15.Bf4 
Na5 16.d5 exd5 17.cxd5 Bd7 18.Qc2 Nb3 19.h3 Qc8 20.Nd2 Nxd2 21.Rxd2 g5 22.
Be3 Bf5 23.Be4 Bxe4 24.Qxe4 Qxh3 25.Rc1 Rfe8 26.Qf3 Be5 27.Bd4 Bxd4 28.
Rxd4 Re7 29.Re4 Qd7 30.Rxe7 Qxe7 31.Qc3 Qd6 32.Qxc7 Qxd5 33.Qb6 Kg7 34.Qb4
Ra6 35.Rc7 Rc6 36.Rxc6 Qxc6 37.Qd4+ Kg6 38.Qd3+ Kf6 39.Qd4+ Ke6 40.Qe3+ 
Kd6 41.Qd4+ Ke6 42.Qg7 f6 43.Qg8+ Ke5 44.Qb8+ Kd4 45.Qd8+ Ke4 46.Qd2 Kf5 
47.Qd3+ Qe4 48.Qd7+ Kg6 49.Kh2 h5 50.Qd8 h4 51.Qg8+ Kh5 52.gxh4 Qxh4+ 53.
Kg2 Qg4+ 54.Kh2 Qf4+ 55.Kg2 Qe4+ 56.Kg3 Qe5+ 57.Kh3 Qf5+ 58.Kg3 Qd3+ 59.
Kg2 Kg4 60.Qc8+ f5 61.Qxb7 f4 62.Qc8+ Kh5 63.Qe8+ Kg4 64.Qe6+ Kh5 65.Qe8+ 
Kg4 66.Qc8+ Kh5 67.Qh8+ Kg4 68.Qc8+ 1/2-1/2

[Event "26th EUR-ch"]
[Site "Katowice POL"]
[Date "2026.04.09"]
[Round "3.112"]
[White "Tymrakiewicz, Rafal"]
[Black "Kalogeris, Ioannis"]
[Result "0-1"]
[WhiteElo "2216"]
[BlackElo "2427"]
[EventDate "2026.04.07"]
[PlyCount "111"]

1.d4 Nf6 2.Nf3 e6 3.e3 b6 4.Bd3 Bb7 5.Nbd2 c5 6.O-O Be7 7.c4 cxd4 8.exd4 
d5 9.b3 O-O 10.Bb2 Nc6 11.Rc1 dxc4 12.bxc4 Re8 13.Qe2 Bf8 14.Rfd1 g6 15.h3
Bh6 16.a3 Rc8 17.Rb1 Qc7 18.Nf1 Nh5 19.g3 Na5 20.Rbc1 Bxc1 21.Rxc1 Nb3 22.
Rd1 Rcd8 23.N1h2 Nxg3 24.fxg3 Qxg3+ 25.Qg2 Qxg2+ 26.Kxg2 Nxd4 27.Kf2 Nxf3 
28.Nxf3 f6 29.Ne1 e5 30.Rc1 e4 31.Be2 e3+ 32.Kf1 Rd2 33.Bc3 Be4 34.Ra1 
Rdd8 35.a4 Bf5 36.h4 Re4 37.Bf3 Rxc4 38.Bxf6 Rd2 39.Bg5 Rc3 40.Bf6 Rb3 41.
a5 bxa5 42.Rxa5 Rb1 43.Ra1 Rxa1 44.Bxa1 a5 45.Bc3 a4 46.Bxd2 exd2 47.Ng2 
Kg7 48.Ne3 a3 49.Bd5 Bg4 50.Kf2 d1=Q 51.Nxd1 Bxd1 52.Kg3 Kf6 53.Kf4 Bc2 
54.Ba2 Bf5 55.Ke3 Be6 56.Kd4 0-1

[Event "26th EUR-ch"]
[Site "Katowice POL"]
[Date "2026.04.09"]
[Round "3.113"]
[White "Salaun, Yann"]
[Black "Johansson, Linus"]
[Result "0-1"]
[WhiteElo "2199"]
[BlackElo "2425"]
[EventDate "2026.04.07"]
[PlyCount "58"]

1.e4 c5 2.Nf3 Nc6 3.Nc3 e5 4.Bc4 Be7 5.a4 d6 6.Nd5 Nf6 7.d3 O-O 8.Nd2 Nxd5
9.Bxd5 Be6 10.Bxe6 fxe6 11.O-O d5 12.c3 Qd6 13.Re1 Rad8 14.Qe2 Rf7 15.f3 
Bh4 16.Rd1 Rfd7 17.Nf1 Na5 18.exd5 exd5 19.Ne3 Nb3 20.Ra3 Qb6 21.c4 Nd4 
22.Qf1 dxc4 23.dxc4 e4 24.Nd5 Qg6 25.fxe4 Rf8 26.Qd3 Rf2 27.Qh3 Rdf7 28.
Rg3 Ne2+ 29.Kh1 Rf1+ 0-1

[Event "26th EUR-ch"]
[Site "Katowice POL"]
[Date "2026.04.09"]
[Round "3.114"]
[White "Piliposian, Robert"]
[Black "Starosta, Martyna"]
[Result "1/2-1/2"]
[WhiteElo "2420"]
[BlackElo "2199"]
[EventDate "2026.04.07"]
[PlyCount "53"]

1.e4 e6 2.d4 d5 3.Nd2 h6 4.Ngf3 Nf6 5.e5 Nfd7 6.c4 c5 7.cxd5 exd5 8.Bd3 
Qb6 9.O-O Be7 10.Re1 Nf8 11.Nf1 Nc6 12.Ne3 Be6 13.Nf5 Bxf5 14.Bxf5 cxd4 
15.a3 a5 16.e6 fxe6 17.Bxe6 Nxe6 18.Rxe6 Kf7 19.Re1 Bf6 20.Nh4 Bxh4 21.
Qh5+ Kg8 22.Qxd5+ Kf8 23.Qd6+ Kg8 24.Qe6+ Kf8 25.Qd6+ Kg8 26.Qd5+ Kf8 27.
Qd6+ 1/2-1/2

[Event "26th EUR-ch"]
[Site "Katowice POL"]
[Date "2026.04.09"]
[Round "3.115"]
[White "Kochavi, Dana"]
[Black "Risteski, Emil"]
[Result "1-0"]
[WhiteElo "2196"]
[BlackElo "2416"]
[EventDate "2026.04.07"]
[PlyCount "113"]

1.e4 c5 2.Nf3 e6 3.d4 cxd4 4.Nxd4 Nf6 5.Nc3 Bb4 6.Nb5 d5 7.exd5 a6 8.Qd4 
Ba5 9.Nd6+ Qxd6 10.Qa4+ Nc6 11.dxc6 Bxc3+ 12.bxc3 Qe5+ 13.Kd1 O-O 14.Qd4 
Qc7 15.Bf4 Qxc6 16.Rg1 e5 17.Bxe5 Bg4+ 18.Kc1 Rfd8 19.Qc4 Qb6 20.Bd4 Qd6 
21.Qc5 Qxh2 22.f3 Rac8 23.Qe5 Qxe5 24.Bxe5 Be6 25.Bd3 Nd7 26.Bd4 Nc5 27.
Kd2 b5 28.a3 Bc4 29.Bxc4 bxc4 30.Rab1 Ne6 31.Ke3 Re8 32.Kf2 Rc6 33.Rge1 f6
34.Rb4 Kf7 35.Rb7+ Re7 36.Reb1 h5 37.Ke3 Nc7+ 38.Kf2 Nb5 39.Rxe7+ Kxe7 40.
a4 Nd6 41.Rb8 h4 42.Ra8 Ke6 43.a5 Nf5 44.Bb6 Rd6 45.Ke1 Kd5 46.Rxa6 Re6+ 
47.Kd2 Ng3 48.Ra8 Kc6 49.Rc8+ Kb5 50.Rc5+ Ka6 51.Rxc4 g5 52.Rc7 Kb5 53.c4+
Kb4 54.c5 Kc4 55.Rd7 Kb5 56.a6 Nf1+ 57.Kd3 1-0

[Event "26th EUR-ch"]
[Site "Katowice POL"]
[Date "2026.04.09"]
[Round "3.116"]
[White "Stefansson, Hannes Hlifar"]
[Black "Kosmas-Lekkas, Dimitrios"]
[Result "1/2-1/2"]
[WhiteElo "2414"]
[BlackElo "2195"]
[EventDate "2026.04.07"]
[PlyCount "92"]

1.Nf3 Nf6 2.g3 g6 3.Bg2 Bg7 4.d4 O-O 5.O-O d6 6.Re1 Nbd7 7.e4 e5 8.Nc3 Re8
9.h3 b6 10.d5 a5 11.Nd2 Rf8 12.Nc4 Ba6 13.Ne3 Ne8 14.a4 h5 15.h4 Bh6 16.
Bh3 Ng7 17.Ng2 Bxc1 18.Qxc1 Kh7 19.f4 Bc8 20.Rf1 exf4 21.gxf4 f5 22.Qd2 
fxe4 23.Nxe4 Nc5 24.Ng5+ Kg8 25.Bxc8 Rxc8 26.Qc3 Qd7 27.b3 Nf5 28.Rae1 
Rce8 29.Rxe8 Rxe8 30.Re1 Rxe1+ 31.Qxe1 Kf8 32.Qc3 Qg7 33.Qxg7+ Kxg7 34.Nf3
Ne4 35.Ng5 Nc5 36.Kf2 Kf6 37.Ke1 Na6 38.Kd2 Nb4 39.Ne4+ Ke7 40.c4 Na6 41.
Kc3 Nc5 42.Ng5 Kd7 43.Nf3 Ne4+ 44.Kd3 Nf2+ 45.Ke2 Ng4 46.Kd3 Nf2+ 1/2-1/2

[Event "26th EUR-ch"]
[Site "Katowice POL"]
[Date "2026.04.09"]
[Round "3.117"]
[White "Djurovic, Peko"]
[Black "Narva, Mai"]
[Result "0-1"]
[WhiteElo "2191"]
[BlackElo "2411"]
[EventDate "2026.04.07"]
[PlyCount "88"]

1.e4 c5 2.Nf3 d6 3.d4 cxd4 4.Qxd4 Nc6 5.Bb5 Bd7 6.Bxc6 Bxc6 7.Nc3 Nf6 8.
Bg5 e6 9.O-O-O Be7 10.Rhe1 O-O 11.e5 dxe5 12.Nxe5 Qxd4 13.Rxd4 Bxg2 14.Nd7
Bc6 15.Nxf8 Kxf8 16.Bf4 Ng4 17.Bg3 Bg5+ 18.Kb1 h5 19.Ne4 Bd8 20.Nd6 e5 21.
Rd3 f6 22.f3 Nh6 23.f4 h4 24.Bxh4 exf4 25.Bf2 Ng4 26.Bc5 Kg8 27.Nxb7 Bb6 
28.Bxb6 axb6 29.Nd8 Bg2 30.Re7 Ne5 31.Ne6 Nxd3 32.Rxg7+ Kh8 33.Rxg2 f3 34.
Rg6 f5 35.Rf6 Ra5 36.Rf8+ Kh7 37.Ng5+ Kg7 38.Nxf3 Kxf8 39.cxd3 Ke7 40.a3 
Rc5 41.a4 f4 42.Nd2 Ke6 43.Ne4 f3 44.b4 Re5 0-1

[Event "26th EUR-ch"]
[Site "Katowice POL"]
[Date "2026.04.09"]
[Round "3.118"]
[White "Valiyev, Shahin"]
[Black "Lecki, Leonard"]
[Result "1-0"]
[WhiteElo "2409"]
[BlackElo "2189"]
[EventDate "2026.04.07"]
[PlyCount "49"]

1.e4 e5 2.Nf3 Nf6 3.Nxe5 d6 4.Nf3 Nxe4 5.d4 d5 6.Bd3 Bd6 7.O-O O-O 8.Re1 
Bf5 9.c4 c6 10.Qb3 Qd7 11.Nc3 Nxc3 12.Bxf5 Qxf5 13.bxc3 b6 14.a4 Nd7 15.
cxd5 cxd5 16.Ba3 Bxa3 17.Qxa3 Rac8 18.Ne5 Nxe5 19.Rxe5 Qd3 20.Re3 Qd2 21.
Rae1 h6 22.Qb3 b5 23.axb5 Rb8 24.Qb1 a6 25.b6 1-0

[Event "26th EUR-ch"]
[Site "Katowice POL"]
[Date "2026.04.09"]
[Round "3.119"]
[White "Meirovich, Ilay"]
[Black "Vardanyan, Aras"]
[Result "0-1"]
[WhiteElo "2190"]
[BlackElo "2408"]
[EventDate "2026.04.07"]
[PlyCount "46"]

1.d4 Nf6 2.c4 e6 3.Nc3 Bb4 4.e3 O-O 5.a3 Bxc3+ 6.bxc3 b6 7.Bd3 Bb7 8.f3 c5
9.e4 Nc6 10.Be3 d6 11.f4 cxd4 12.cxd4 Na5 13.Qf3 Rc8 14.Rc1 Qd7 15.Ne2 Qa4
16.Nc3 Qb3 17.Qh3 Nxc4 18.e5 dxe5 19.fxe5 Nb2 20.Bd2 Bxg2 21.Qxg2 Nxd3+ 
22.Kf1 Nd5 23.Rg1 g6 0-1